The return of Sherlock Holmes : further extraordinary tales of the famous sleuth (Record no. 85466)

MARC details
000 -LEADER
fixed length control field 00736 a2200229 4500
003 - CONTROL NUMBER IDENTIFIER
control field CBULib
005 - DATE AND TIME OF LATEST TRANSACTION
control field 20250307103603.0
008 - FIXED-LENGTH DATA ELEMENTS--GENERAL INFORMATION
fixed length control field 241211b |||||||| |||| 00| 0 eng d
020 ## - INTERNATIONAL STANDARD BOOK NUMBER
International Standard Book Number 9781642506365
040 ## - CATALOGING SOURCE
Language of cataloging English
Transcribing agency CBULib
Description conventions rda
050 ## - LIBRARY OF CONGRESS CALL NUMBER
Classification number PR1309.H55 R48
100 ## - MAIN ENTRY--PERSONAL NAME
Personal name Jakubowski, Maxim
245 ## - TITLE STATEMENT
Title The return of Sherlock Holmes : further extraordinary tales of the famous sleuth
Statement of responsibility, etc / by Maxim Jakubowski
260 ## - PUBLICATION, DISTRIBUTION, ETC. (IMPRINT)
Name of publisher, distributor, etc Mango Publishing,
Date of publication, distribution, etc 2021.
Place of publication, distribution, etc Coral Gables :
300 ## - PHYSICAL DESCRIPTION
Extent 321 pages
336 ## - CONTENT TYPE
Source rdacontent
Content type term Text |
Content type code txt
337 ## - MEDIA TYPE
Source rdamedia
Media type term Unmediated |
Media type code n
338 ## - CARRIER TYPE
Source rdacarrier
Carrier type term Volume
Carrier type code nc
650 #0 - SUBJECT ADDED ENTRY--TOPICAL TERM
9 (RLIN) 4204
Topical term or geographic name as entry element DETECTIVE AND MYSTERY FICTION
650 #0 - SUBJECT ADDED ENTRY--TOPICAL TERM
9 (RLIN) 4205
Topical term or geographic name as entry element HOLMES, SHERLOCK FICTION
942 ## - ADDED ENTRY ELEMENTS (KOHA)
Source of classification or shelving scheme
Koha item type MONOGRAPH
Holdings
Withdrawn status Lost status Source of classification or shelving scheme Damaged status Not for loan Collection code Permanent Location Current Location Shelving location Date acquired Source of acquisition Full call number Barcode Date last seen Price effective from Koha item type
          CBU-Lusaka Campus CBU- LUSAKA CAMPUS CBU-MAIN LIBRARY, KITWE. General Stacks 12/11/2024 BOOK AID INTERNATIONAL PR1309.H55 R48 752815 12/11/2024 12/11/2024 MONOGRAPH